Jeśli Kolumbia jest Marokiem... - Statystyki

Ogólne statystyki
  • Ten quiz został rozwiązany 2 499 razy
  • Średni wynik to 11 z 16
Statystyki odpowiedzi
Wskazówka Odpowiedź % Poprawnych
Jeśli Sudan Południowy jest Koreą Południową... to Sudan jest {Koreą} {Północną}
99%
Jeśli Lesotho to San Marino... to RPA to {Włochy}
91%
Jeśli Haiti jest Portugalią... to Dominikana jest {Hiszpanią}
89%
Jeśli Chiny są Stanami Zjednoczonymi... to Mongolia jest {Kanadą}
88%
Jeśli Rwanda jest Estonią... to Burundi jest {Łotwą}
85%
Jeśli Norwegia to Słowacja... to Szwecja to {Węgry}
77%
Jeśli Jamajka jest Maltą... to Stany Zjednoczone to {Włochy}
73%
Jeśli Pakistan jest Ukrainą... to Afganistan jest {Białorusią}
70%
Jeśli Australia jest Afryką... to Nowa Zelandia jest {Madagaskarem}
68%
Jeśli Bhutan to Mołdawia... to Indie to {Rumunia}
67%
Jeśli Chiny są Indiami... To Tajwan jest {Sri Lanką}
65%
Jeśli Oman to Togo... to Jemen to {Ghana}
55%
Jeśli Wietnam jest Somalią... to Kambodża jest {Kenią}
53%
Jeśli Jezioro Wiktorii to Morze Kaspijskie... to Tanzania jest {Iranem}
47%
Jeśli Hispaniola jest Nową Gwineą... to Dominikana jest {Papuą-Nową Gwineą}
41%
Jeśli Watykan to Lesotho... to Włochy to {Republika [Południowej Afryki}
41%
Nie znaleziono quizów pasujących do podanych kryteriów
Rozkład punktacji
Procent ludzi z każdym wynikiem
Percentyl według liczby udzielonych odpowiedzi
Twoja historia wyników
Nie rozwiązałeś tego quizu